<?xml version="1.0" encoding="UTF-8"?>
<collection xmlns="http://www.loc.gov/MARC21/slim">
<record>
  <controlfield tag="000">01878ckm\a2200337Ki\4500</controlfield>
  <controlfield tag="001">254976</controlfield>
  <controlfield tag="005">20251009104930.0</controlfield>
  <controlfield tag="007">kd\bo</controlfield>
  <controlfield tag="008">200912s187u\\\\xx\n\n\\\\\\\\\\\\kneng\d</controlfield>
  <datafield tag="029" ind1="1" ind2=" ">
    <subfield code="a">UXG</subfield>
    <subfield code="c">/p252501coll1</subfield>
    <subfield code="t">CNTNT</subfield>
  </datafield>
  <datafield tag="035" ind1=" " ind2=" ">
    <subfield code="a">489684890</subfield>
  </datafield>
  <datafield tag="035" ind1=" " ind2=" ">
    <subfield code="a">(DFoPcSh)00206855</subfield>
  </datafield>
  <datafield tag="035" ind1=" " ind2=" ">
    <subfield code="a">242107</subfield>
  </datafield>
  <datafield tag="040" ind1=" " ind2=" ">
    <subfield code="a">DFo/CaBNvSL/CaBNvSL</subfield>
    <subfield code="c">UXG</subfield>
    <subfield code="e">gihc</subfield>
    <subfield code="d">UXG</subfield>
    <subfield code="d">UtOrBLW</subfield>
  </datafield>
  <datafield tag="043" ind1=" " ind2=" ">
    <subfield code="a">n-us---</subfield>
  </datafield>
  <datafield tag="049" ind1=" " ind2=" ">
    <subfield code="a">UXGA</subfield>
  </datafield>
  <datafield tag="245" ind1="0" ind2="0">
    <subfield code="a">Columbia as L. Macbeth: Yet here's a spot -- out, damned spot, out, I say!</subfield>
    <subfield code="h">[graphic].</subfield>
  </datafield>
  <datafield tag="260" ind1=" " ind2=" ">
    <subfield code="c">[1870s?]</subfield>
  </datafield>
  <datafield tag="300" ind1=" " ind2=" ">
    <subfield code="a">1 drawing :</subfield>
    <subfield code="b">ink ;</subfield>
    <subfield code="c">5 1/8 x 2 3/4 in.</subfield>
  </datafield>
  <datafield tag="336" ind1=" " ind2=" ">
    <subfield code="a">still image</subfield>
    <subfield code="b">sti</subfield>
    <subfield code="2">rdacontent</subfield>
  </datafield>
  <datafield tag="337" ind1=" " ind2=" ">
    <subfield code="a">unmediated</subfield>
    <subfield code="b">n</subfield>
    <subfield code="2">rdamedia</subfield>
  </datafield>
  <datafield tag="340" ind1=" " ind2=" ">
    <subfield code="a">paper</subfield>
    <subfield code="2">rdamat</subfield>
  </datafield>
  <datafield tag="340" ind1=" " ind2=" ">
    <subfield code="c">ink</subfield>
    <subfield code="2">rdamat</subfield>
  </datafield>
  <datafield tag="340" ind1=" " ind2=" ">
    <subfield code="g">monochrome</subfield>
    <subfield code="2">rdacc</subfield>
  </datafield>
  <datafield tag="500" ind1=" " ind2=" ">
    <subfield code="a">This record contains unverified data from old cards and may contain incorrect or incomplete text. Please consult Curator for assistance.</subfield>
  </datafield>
  <datafield tag="520" ind1=" " ind2=" ">
    <subfield code="a">Cartoon based on the character of Lady Macbeth, with Lady Macbeth as Columbia, the spot on her hand being Slavery, with Lincoln and Greeley in the background.</subfield>
  </datafield>
  <datafield tag="530" ind1=" " ind2=" ">
    <subfield code="a">Also available as a digital reproduction.</subfield>
  </datafield>
  <datafield tag="583" ind1="0" ind2=" ">
    <subfield code="a">revised</subfield>
    <subfield code="c">2015-06</subfield>
    <subfield code="k">EEW</subfield>
    <subfield code="n">1</subfield>
    <subfield code="o">link</subfield>
    <subfield code="x">Luna</subfield>
    <subfield code="2">local</subfield>
    <subfield code="5">DFo</subfield>
  </datafield>
  <datafield tag="583" ind1="0" ind2=" ">
    <subfield code="a">Revised</subfield>
    <subfield code="c">2022-08</subfield>
    <subfield code="k">EB</subfield>
    <subfield code="x">Date and Greeley's name added</subfield>
    <subfield code="2">local</subfield>
    <subfield code="5">DFo</subfield>
  </datafield>
  <datafield tag="585" ind1=" " ind2=" ">
    <subfield code="a">Washington, D.C., Folger Shakespeare Library, 2016. America's Shakespeare.</subfield>
    <subfield code="5">DFo</subfield>
  </datafield>
  <datafield tag="600" ind1="0" ind2="0">
    <subfield code="a">Gruoch,</subfield>
    <subfield code="c">Queen, consort of Macbeth, King of Scotland</subfield>
    <subfield code="0">n  79138169</subfield>
    <subfield code="x">In literature,</subfield>
    <subfield code="0">sh2002011414,</subfield>
    <subfield code="e">depicted.</subfield>
  </datafield>
  <datafield tag="600" ind1="1" ind2="0">
    <subfield code="a">Lincoln, Abraham,</subfield>
    <subfield code="d">1809-1865,</subfield>
    <subfield code="0">n  79006779,</subfield>
    <subfield code="e">depicted.</subfield>
  </datafield>
  <datafield tag="600" ind1="1" ind2="0">
    <subfield code="a">Greeley, Horace,</subfield>
    <subfield code="e">depicted,</subfield>
    <subfield code="d">1811-1872.</subfield>
  </datafield>
  <datafield tag="650" ind1=" " ind2="0">
    <subfield code="a">Slavery</subfield>
    <subfield code="0">sh 85123314</subfield>
    <subfield code="x">Moral and ethical aspects</subfield>
    <subfield code="0">sh 00006099</subfield>
    <subfield code="z">United States.</subfield>
    <subfield code="0">n  78095330 </subfield>
  </datafield>
  <datafield tag="650" ind1=" " ind2="7">
    <subfield code="a">Enslavement</subfield>
    <subfield code="0">bslw85123314</subfield>
    <subfield code="x">Moral and ethical aspects</subfield>
    <subfield code="z">United States.</subfield>
    <subfield code="2">enslv</subfield>
  </datafield>
  <datafield tag="651" ind1=" " ind2="0">
    <subfield code="a">United States</subfield>
    <subfield code="x">History</subfield>
    <subfield code="y">1865-1898.</subfield>
    <subfield code="0">sh 85140283 </subfield>
  </datafield>
  <datafield tag="655" ind1=" " ind2="7">
    <subfield code="a">Drawings (visual works)</subfield>
    <subfield code="0">300033973</subfield>
    <subfield code="2">aat</subfield>
  </datafield>
  <datafield tag="655" ind1=" " ind2="7">
    <subfield code="a">Caricatures.</subfield>
    <subfield code="0">cv00858</subfield>
    <subfield code="2">rbmscv</subfield>
  </datafield>
  <datafield tag="852" ind1="8" ind2=" ">
    <subfield code="a">US-DFo</subfield>
    <subfield code="b">DeckB-Art</subfield>
    <subfield code="h">ART Box S528m1 no.2</subfield>
    <subfield code="m">(size S)</subfield>
    <subfield code="x">CIN=lp PDI rootfile 034967</subfield>
    <subfield code="7">335155</subfield>
    <subfield code="j">cs467</subfield>
  </datafield>
  <datafield tag="856" ind1="4" ind2="1">
    <subfield code="u">https://digitalcollections.folger.edu/img34967</subfield>
    <subfield code="z">Digital image(s) of Folger Shakespeare Library ART Box S528m1 no.2</subfield>
  </datafield>
  <datafield tag="909" ind1="C" ind2="O">
    <subfield code="o">oai:catalog.folger.edu:254976</subfield>
    <subfield code="p">GLOBAL_SET</subfield>
  </datafield>
  <datafield tag="980" ind1=" " ind2=" ">
    <subfield code="a">BIB</subfield>
  </datafield>
  <datafield tag="983" ind1=" " ind2=" ">
    <subfield code="a">Online</subfield>
  </datafield>
  <datafield tag="983" ind1=" " ind2=" ">
    <subfield code="a">Vault</subfield>
  </datafield>
</record>
</collection>